Diagnóstico y prospectivas del sistema electoral Colombiano / (Registro nro. 5253)

Detalles MARC
000 -LEADER
fixed length control field 00968nam a2200253Ia 4500
003 - CONTROL NUMBER IDENTIFIER
control field OSt
005 - DATE AND TIME OF LATEST TRANSACTION
control field 20200429165342.0
008 - FIXED-LENGTH DATA ELEMENTS--GENERAL INFORMATION
fixed length control field 191128s2008 ck a gr o000 0 spa d
020 ## - INTERNATIONAL STANDARD BOOK NUMBER
International Standard Book Number 9789587340129
040 ## - CATALOGING SOURCE
Original cataloging agency CO-JMCR
Transcribing agency CO-JMCR
041 0# - LANGUAGE CODE
Language code of text/sound track or separate title spa
082 04 - DEWEY DECIMAL CLASSIFICATION NUMBER
Classification number 324.63 /
Item number P761d
Edition number 23
110 1# - MAIN ENTRY--CORPORATE NAME
Corporate name or jurisdiction name as entry element Colombia.
Subordinate unit Procuraduría General de la Nación
9 (RLIN) 2782
245 10 - TITLE STATEMENT
Title Diagnóstico y prospectivas del sistema electoral Colombiano /
Statement of responsibility, etc. Procuraduría General de la Nación
250 ## - EDITION STATEMENT
Edition statement Primera edición
260 ## - PUBLICATION, DISTRIBUTION, ETC.
Place of publication, distribution, etc. Bogotá :
Name of publisher, distributor, etc. Procuraduría General de la Nación,
Date of publication, distribution, etc. 2008
300 ## - PHYSICAL DESCRIPTION
Extent 148 páginas :
Other physical details ilustraciones a blanco y negro ;
Dimensions 23 cm.
504 ## - BIBLIOGRAPHY, ETC. NOTE
Bibliography, etc. note Bibliografía: páginas 145-147
505 0# - FORMATTED CONTENTS NOTE
Formatted contents note Contexto -- La función de control electoral de la Procuraduría General de la Nación -- Diagnóstico -- Recomendaciones
650 14 - SUBJECT ADDED ENTRY--TOPICAL TERM
Topical term or geographic name entry element Sufragio
9 (RLIN) 3672
650 14 - SUBJECT ADDED ENTRY--TOPICAL TERM
Topical term or geographic name entry element Partidos políticos
9 (RLIN) 3705
650 14 - SUBJECT ADDED ENTRY--TOPICAL TERM
Topical term or geographic name entry element Participación electoral
9 (RLIN) 3706
942 ## - ADDED ENTRY ELEMENTS (KOHA)
Source of classification or shelving scheme Dewey Decimal Classification
Koha item type Books
Existencias
Withdrawn status Lost status Source of classification or shelving scheme Damaged status Not for loan Collection code Home library Current library Date acquired Source of acquisition Cost, normal purchase price Total Checkouts Full call number Barcode Date last seen Date last checked out Copy number Koha item type
    Dewey Decimal Classification     Non-fiction Biblioteca Pública José María del Castillo y Rada Biblioteca Pública José María del Castillo y Rada 04/15/2018 Donación 0.00 1 324.63 / P761d 430001580 07/03/2025 07/02/2025 Ej.1 Books